| 000 | 00514cam a22001457a 4500 | ||
|---|---|---|---|
| 008 | 180718b2002 xxu||||| |||| 00| 0 eng d | ||
| 020 | _a0821349783 | ||
| 082 | _aQ31 K711 | ||
| 245 |
_aA sourcebook for poverty reduction strategies _cedited by Jeni Klugman |
||
| 260 |
_aWashington, D.C. _bWorld Bank _c2002 |
||
| 300 | _a2v. | ||
| 500 | _aContents: v.1. Core techniques and cross-cutting issues, 600p.;v.2. Macroeconomic and sectoral approaches | ||
| 650 | _aPoverty - Government policy | ||
| 700 | _aKlugman, Jeni | ||
| 999 |
_c288422 _d288422 |
||